Sedi del Campionato mondiale di Formula 1 2024 - Statistics

Statistiche generali
  • Questo quiz è stato fatto 32 volte
  • Il punteggio medio è 13 su 24
Statistiche sulle risposte
Data Sede % Corretto
19 maggio Imola
97%
1º settembre Monza
97%
8 dicembre Abu Dhabi
81%
24 marzo Melbourne
77%
26 maggio Monaco
77%
23 novembre Las Vegas
71%
7 luglio Silverstone
71%
5 maggio Miami
65%
20 ottobre Austin
61%
15 settembre Baku
61%
9 giugno Montréal
58%
3 novembre San Paolo
58%
1º dicembre Doha
55%
22 settembre Singapore
55%
7 aprile Suzuka
55%
25 agosto Zandvoort
55%
21 aprile Shanghai
52%
27 ottobre Città del Messico
48%
30 giugno Spielberg
45%
9 marzo Gedda
39%
2 marzo Manama
29%
23 giugno Montmeló
16%
28 luglio Stavelot
6%
21 luglio Mogyoród
3%
Nessun quiz corrispondente trovato
Distribuzione punteggi
Percentuale di utenti per punteggio
Percentile per numero di risposta
I tuoi punteggi nel tempo
Non hai fatto questo quiz